| 000 | 01295ny a22003253n 4500 | ||
|---|---|---|---|
| 005 | 20240305165329.0 | ||
| 008 | 980529s1997 sp s 000 spa c | ||
| 017 | _aB5163-1997 | ||
| 020 | _a848917167X | ||
| 035 | _a2361 | ||
| 040 |
_aUMA.DER _dvlex |
||
| 040 |
_aUMA.RE _dvlex |
||
| 080 | _a340.142:342.72/.73(460) | ||
| 080 | _a342.72/.73:340.142(460) | ||
| 090 |
_c1378 _d1378 |
||
| 100 | 1 | _aMartínez Estay, José Ignacio | |
| 245 | 1 | 0 |
_aJurisprudencia constitucional española sobre derechos sociales _h[Recurso electrónico] _cJosé Ignacio Mar[t]ínez Estay |
| 256 | _aServicio en línea | ||
| 260 |
_aBarcelona : _bCEDECS, _c1997 |
||
| 300 | _a376 p | ||
| 504 | _aBibliografía:p.339-355 | ||
| 506 | 1 |
_aContenido solo disponible en los productos indicados _dvLex Global _dvLex Global (Academic Edition, excluding Law Schools) _dvLex Global (U.S. Academic Edition, Law Schools) _dvLex Global (U.S. Academic Edition, excluding Law Schools) _dvLex Global (Academic Edition, Law Schools) |
|
| 650 | 0 | 7 |
_2Tesauro vLex _aTestamento |
| 650 | 0 | 7 |
_2Tesauro vLex _aLegitima |
| 650 | 0 | 7 |
_2Tesauro vLex _aMejora hereditaria |
| 650 | 0 | 7 |
_2Tesauro vLex _aDerecho sucesorio |
| 740 | 0 | _avLex Libros (Servicios en línea) | |
| 856 | 4 | 0 | _uhttps://app.vlex.com/#/sources/2361 |
| 942 | _cRAA | ||
| 999 |
_c159854 _d159854 |
||